000
00307cam a2200121ua 4500
082
_a
822
_b
MCL/FI
100
_a
McIlwraith, A K.
_9
1932
245
0
0
_a
Five Elizabethan Tragedies /
260
_a
London :
_b
Oxford University Press ,
_c
1959.
300
_a
399 ; .
490
0
_a
The World`s Classics,
942
_c
BK
999
_c
660
_d
660